Państwa, które tworzą najwięcej filmów - Statystyki

Ogólne statystyki
  • Ten quiz został rozwiązany 27 544 razy
  • Średni wynik to 16 z 20
Statystyki odpowiedzi
# Państwo % Poprawnych
791 Stany Zjednoczone
100%
752 Chiny
95%
300 Francja
94%
226 Niemcy
93%
121 Rosja
93%
255 Hiszpania
91%
1907 Indie
91%
103 Kanada
90%
298 Wielka Brytania
89%
129 Brazylia
88%
581 Japonia
88%
140 Meksyk
83%
185 Włochy
83%
182 Argentyna
75%
269 Korea Południowa
70%
137 Turcja
69%
86 Indonezja
52%
87 Holandia
43%
997 Nigeria
36%
102 Szwajcaria
32%
Nie znaleziono quizów pasujących do podanych kryteriów
Rozkład punktacji
Procent ludzi z każdym wynikiem
Percentyl według liczby udzielonych odpowiedzi
Twoja historia wyników
Nie rozwiązałeś tego quizu